|
|
|
|
| LEADER |
00000nam a2200000Ii 4500 |
| 001 |
DIGEDUNAV0129 |
| 003 |
NyNyDIG |
| 006 |
m o d |
| 007 |
cr ||||||||||| |
| 008 |
220611s2005 sp o 000 0 spa d |
| 035 |
|
|
|a (OCoLC)1333702121
|
| 040 |
|
|
|a DGITA
|b eng
|e rda
|e pn
|c DGITA
|
| 020 |
|
|
|z 9788431323288
|
| 050 |
1 |
4 |
|a BX1965 ebook
|
| 100 |
1 |
|
|a Pujol Balcells, Jaime,
|e author.
|
| 245 |
1 |
0 |
|a Curso de catequesis :
|b adaptado al catecismo de la Iglesia Católica : síntesis /
|c Jaime Pujol Balcells, Jesús Sancho Bielsa.
|
| 264 |
|
1 |
|a Pamplona, España :
|b EUNSA, Ediciones Universidad de Navarra,
|c [2005]
|
| 300 |
|
|
|a 1 online resource.
|
| 336 |
|
|
|a text
|b txt
|2 rdacontent
|
| 337 |
|
|
|a computer
|b c
|2 rdamedia
|
| 338 |
|
|
|a online resource
|b cr
|2 rdacarrier
|
| 347 |
|
|
|a text file
|2 rdaft
|
| 347 |
|
|
|b PDF
|
| 588 |
0 |
|
|a Online resource; title from PDF title page (Digitalia, viewed June 11, 2022)
|
| 610 |
2 |
0 |
|a Catholic Church
|x Catechisms
|x Spanish.
|
| 650 |
|
0 |
|a Catechisms, Spanish.
|
| 655 |
|
0 |
|a Electronic books.
|
| 700 |
1 |
|
|a Sancho Bielsa, Jesús,
|e author.
|
| 791 |
2 |
|
|a Digitalia (Firm),
|e distributor.
|
| 793 |
0 |
|
|g Digitalia eBook Collection:
|a Ediciones Universidad de Navarra
|
| 776 |
0 |
8 |
|i Print version:
|a Pujol Balcells, Jaime.
|t Curso de catequesis.
|b Quinta edición.
|d Pamplona, España : EUNSA, Ediciones Universidad de Navarra, [2005]
|z 9788431323288
|
| 856 |
4 |
0 |
|3 Digitalia Hispánica
|u https://www.digitaliapublishing.com/a/51456/
|
| 910 |
|
|
|a Premium collection: 2022
|